000 00683nam a2200241Ia 4500
003 OSt
005 20221005073507.0
006 a|||||r|||| 00| 0
007 ta
008 221004b |||||||| |||| 00| 0 eng d
024 _a49564
037 _cTextual
040 _aCRL
_cCRL
_beng
041 _2eng
_aeng
082 _aP15,Cx1,1,2, 111N1
100 _aDasgupta Surendranath
245 0 _aMahabhasya of patanjali with annotations
260 _aNew Delhi
_bIndian Council of Philosophical Research
_c1991
300 _a256p.
_ccm.
650 _aLINGUISTICS
942 _hP15,Cx1,1,2, 111N1
_cTEXL
_2cc
999 _c981250
_d981250